| 000 | 00414nam a2200205Ia 4500 | ||
|---|---|---|---|
| 001 | 002046 | ||
| 003 | YMCAF | ||
| 005 | 20230512160126.0 | ||
| 008 | 100717s1972 ||||||||||||||||| ||und|d | ||
| 024 | _a2046 | ||
| 035 | _a2027 | ||
| 040 |
_aYMCAF _beng _cIN-KoLT |
||
| 041 | _aeng | ||
| 082 | _aDAR-NAR | ||
| 100 | _aNARAYAN R.K. | ||
| 245 | 0 | _aDARK ROOM | |
| 260 | _c1972 | ||
| 300 | _a176 | ||
| 942 |
_2ddc _cBK |
||
| 999 |
_c1629 _d1629 |
||